Responses for Show #3997 - Tuesday, January 8, 2002

Contestants

[<< previous game]

Rebecca Mathews, an institutional researcher from Cambridge, Massachusetts

Christopher Glenn, an analyst for the federal government from Bridgeport, West Virginia

David Bell, an advertising executive from Atlanta, Georgia (whose 1-day cash winnings total $11,999)

[next game >>]

Jeopardy! Round responses

CITY SEALS
HONORARY DEGREES
NUMBER, PLEASE
WINE IF YOU MUST
SCRIPTURE SAYETH
BONDS' 73
    $200 21
Nicolas Cage

Christopher
    $200 16
40

Rebecca
    $200 10
Germany

David
    $200 6
Psalms

Christopher
    $200 1
Mark McGwire

David
    $400 29
[The end-of-round signal sounds.]

Rockies

David
    $400 22
Mister Rogers

Christopher
    $400 17
20

David
    $400 11
breathe

David
    $400 7
anger

David
    $400 2
combined distance of all his home runs

David
    $600 28
San Francisco

Rebecca
    $600 23
(Alex: Right, with a minute to go.)

Jon Bon Jovi

Christopher
    $2,000 18
(David: What is 49?)

499

David
    $600 12
must

Triple Stumper
    $600 8
sin no more

Christopher
    $600 3
Pacific Bell Park

David
    $800 27
Hoover Dam

Rebecca
    $800 24
Andie MacDowell

Rebecca
    $800 19
93

Triple Stumper
    $800 13
chateau

David
    $800 9
Song of Solomon

David
    $800 4
9th

David
    $1000 26
Portland

Rebecca
    $1000 25
Don McLean

David
    $1000 20
(Rebecca: What is 78?)

70

Rebecca
Triple Stumper
    $1000 14
spumante

Rebecca
    $1000 15
rubies

Rebecca
    $1000 5
Los Angeles Dodgers

Christopher

Scores at the first commercial break (after clue 15):

David Christopher Rebecca
$4,600 $1,800 $2,000

Scores at the end of the Jeopardy! Round:

David Christopher Rebecca
$4,400 $3,000 $4,400

Double Jeopardy! Round responses

THE BARBARY WARS
TRANSPORTATION
PRESIDENTIAL MIDDLE NAMES
BAD LITERARY TRIPS
[Johnny Gilbert reads all the clues.]
QUASI-RELATED PAIRS
'73 BONDS
    $400 3
sled

Christopher
    $400 1
Richard Nixon

Christopher
    $400 13
Dr. No

Christopher
    $400 20
Twist & Shout

Christopher
    $400 11
Farrah Fawcett-Majors

Triple Stumper
    $800 29
[The end-of-round signal sounds.]

Enterprise

Christopher
    $800 7
Concord

Triple Stumper
    $800 2
Dwight Eisenhower

David
    $800 15
Salem's Lot

Christopher
    $800 21
rock & roll

Triple Stumper
    $800 12
Canada

Rebecca
    $1200 26
Jefferson

Christopher
    $1200 8
(Rebecca: What is Healey?)
...
(Alex: Yes, it's an Aston-[*] or an Austin-Healey.)

Martin

ChristopherRebecca
    $1200 4
Chester A. Arthur

Triple Stumper
    $1200 17
Ibsen

Rebecca
    $1200 22
movers & Shakers

Rebecca
    $1200 14
Michael Caine

Rebecca
    $1600 27
Libya

David
    $2,000 9
Nova

Christopher
    $1600 5
James Garfield

Triple Stumper
    $1600 18
Dr. Zhivago

Rebecca
    $1600 23
(Alex: That's it. Minute to go now.)

Byrds & bees

Christopher
    $1600 16
Princess Anne

Rebecca
    $6,800 28
(David: ...Who is, uh...[shakes head no] [*]?)
(Alex: Yup.)
[Huge audience reaction]
(Alex: You can breathe now.)
[Laughter]

Stephen Decatur

David
    $2000 10
Natchez

Triple Stumper
    $2000 6
Herbert Clark Hoover

Triple Stumper
    $2000 19
Ship of Fools

Rebecca
    $2000 24
sticks & stones

Christopher
    $2000 25
Philip Dick

Rebecca

Scores at the end of the Double Jeopardy! Round:

David Christopher Rebecca
$13,600 $14,200 $14,800

[wagering suggestions for these scores]

Final Jeopardy! Round responses

PLAYWRIGHTS
DavidWho is Moliere
$8,600
ChristopherWho is Shakespeare?
$14,200
RebeccaWho is Shakespeare?
$4,000
Molière

Final scores:

David Christopher Rebecca
$22,200 $0 $10,800
2-day champion: $34,199 3rd place: trip to Oahu through Yahoo! Travel 2nd place: Caribbean cruise on Windjammer Barefoot

Game dynamics:

Coryat scores:

David Christopher Rebecca
$10,800 $13,800 $14,800
15 R
(including 1 DD),
1 W
(including 1 DD)
17 R
(including 1 DD),
0 W
15 R,
2 W

Combined Coryat: $39,400

[game clues] [game scores] [suggest correction]

Game tape date: 2001-10-29
The J! Archive is created by fans, for fans. Scraping, republication, monetization, and malicious use prohibited; this site may use cookies and collect identifying information. See terms. The Jeopardy! game show and all elements thereof, including but not limited to copyright and trademark thereto, are the property of Jeopardy Productions, Inc. and are protected under law. This website is not affiliated with, sponsored by, or operated by Jeopardy Productions, Inc. Join the discussion at JBoard.tv.